| 000 | 00376 a2200145 4500 | ||
|---|---|---|---|
| 001 | 180507 | ||
| 020 | _a | ||
| 040 | _cMagnum | ||
| 100 | _aCarvalho, Karen Currie de | ||
| 240 | 1 | 0 |
_aAlfabetizacao: um processo de aprendizagem permanente _lpor |
| 245 | 1 | 0 | _aAlfabetizacao: um processo de aprendizagem permanente |
| 362 | 0 | _a1899 | |
| 697 | _aMAGNITO: ENSINO | ||
| 942 | _cBK | ||
| 999 |
_c180507 _d180507 |
||